Experiential learning through interactive drama: an alternative to student role plays (Record no. 78286)

000 -LEADER
fixed length control field 00548pab a2200205 454500
008 - FIXED-LENGTH DATA ELEMENTS--GENERAL INFORMATION
fixed length control field 180718b2007 xxu||||| |||| 00| 0 eng d
100 ## - MAIN ENTRY--PERSONAL NAME
Personal name Boggs, James G.
245 ## - TITLE STATEMENT
Title Experiential learning through interactive drama: an alternative to student role plays
260 ## - PUBLICATION, DISTRIBUTION, ETC.
Date of publication, distribution, etc. 2007
300 ## - PHYSICAL DESCRIPTION
Extent p.832-58.
362 ## - DATES OF PUBLICATION AND/OR SEQUENTIAL DESIGNATION
Dates of publication and/or sequential designation Dec
650 ## - SUBJECT ADDED ENTRY--TOPICAL TERM
Topical term or geographic name entry element Students
650 ## - SUBJECT ADDED ENTRY--TOPICAL TERM
Topical term or geographic name entry element Learning
650 ## - SUBJECT ADDED ENTRY--TOPICAL TERM
Topical term or geographic name entry element Experimental schools
700 ## - ADDED ENTRY--PERSONAL NAME
Personal name Holtom, Brooks C.
700 ## - ADDED ENTRY--PERSONAL NAME
Personal name Mickel, Amy E.
773 ## - HOST ITEM ENTRY
Main entry heading Journal of Management Education
908 ## - PUT COMMAND PARAMETER (RLIN)
Put command parameter N
909 ## -
-- 78286
Holdings
Withdrawn status Lost status Damaged status Not for loan Permanent Location Current Location Date acquired Serial Enumeration / chronology Barcode Date last seen Price effective from Koha item type
        Indian Institute of Public Administration Indian Institute of Public Administration 2018-07-19 Volume no: 31, Issue no: 6 AR78746 2018-07-19 2018-07-19 Articles

Powered by Koha